BELLA DI GIORNO (Record n. 105890)
[ formato base ]
| 000 -LEADER | |
|---|---|
| fixed length control field | 02139agaaa2200337 4500 |
| 001 - CONTROL NUMBER | |
| control field | 6422 |
| 003 - CONTROL NUMBER IDENTIFIER | |
| control field | IT-RoPAU |
| 005 - DATE AND TIME OF LATEST TRANSACTION | |
| control field | 20220918181238.0 |
| 007 - PHYSICAL DESCRIPTION FIXED FIELD--GENERAL INFORMATION | |
| fixed length control field | d cvaizq |
| 008 - FIXED-LENGTH DATA ELEMENTS--GENERAL INFORMATION | |
| fixed length control field | 50131s9999||||xx ||| | || ||und|| |
| 040 ## - CATALOGING SOURCE | |
| Original cataloging agency | IT-RoPAU |
| Transcribing agency | IT-RoPAU |
| 041 ## - LANGUAGE CODE | |
| Language code of text/sound track or separate title | ITALIANO |
| 100 ## - MAIN ENTRY--PERSONAL NAME | |
| Personal name | Bunuel Luis |
| Miscellaneous information | Codice regista SPICS: 8694 |
| 9 (RLIN) | 36748 |
| 130 ## - MAIN ENTRY--UNIFORM TITLE | |
| Uniform title | BELLA DI GIORNO |
| 9 (RLIN) | 43922 |
| 240 ## - UNIFORM TITLE | |
| Uniform title | BELLE DE JOUR |
| Miscellaneous information | T1754 |
| 245 ## - TITLE STATEMENT | |
| Title | BELLA DI GIORNO |
| Statement of responsibility, etc. | Prodotto da: Hakim Robert E Raymo -- Sceneggiatura: Bunuel Luis Carriere Jean-Claude -- Diretto da: Bunuel Luis |
| Name of part/section of a work | BELLA DI GIORNO (Rif. Codice opera principale : H6422) |
| 246 ## - VARYING FORM OF TITLE | |
| Title proper/short title | BELLE DE JOUR |
| 250 ## - EDITION STATEMENT | |
| Edition statement | Edizione Standard |
| 260 ## - PUBLICATION, DISTRIBUTION, ETC. (IMPRINT) | |
| Place of publication, distribution, etc. | PARIGI - ROMA (FRANCIA - ITALIA) |
| Name of publisher, distributor, etc. | PARIS FILM - FIVE FILM / Distribuzione: CIAK |
| Date of manufacture | "1967 (1° ed.: 2006 ; Ed. Lingua Orig.: 1967)" |
| 300 ## - PHYSICAL DESCRIPTION | |
| Extent | DVD |
| Other physical details | sonoro, col. |
| Dimensions | 100 minuti |
| 508 ## - CREATION/PRODUCTION CREDITS NOTE | |
| Creation/production credits note | "Fotografia: Vierny Sacha; Montaggio: Taverna-Hautecoeur L; Musica: Longuet Rene; Sceneggiatura: Bunuel Luis Carriere Jean-Claude; Scenografia: Clavel Robert; " |
| 511 ## - PARTICIPANT OR PERFORMER NOTE | |
| Participant or performer note | "Deneuve Catherine; Piccoli Michel; Sorel Jean; Page Genevieve; Clementi Pierre" |
| 520 ## - SUMMARY, ETC. | |
| Summary, etc. | "PIERRE E SEVERINE SONO UNA GIOVANE COPPIA, IN APPARENZA FELICE. MA, MENTREPIERRE E' MOLTO IMPEGNATO DALLA SUA PROFESSIONE DI CHIRURGO, SEVERINE DI GIORNO E' SOLA E INSODDISFATTA. UN VUOTO ESISTENZIALE CHE LA GIOVANE DONNA FINISCE PER COLMARE CREANDOSI UNA SECONDA VITA: IN UNA CASA D'APPUNTAMENTI. LE DUE VITE DI SEVERINE PROCEDONO PARALLELE FINO A QUANDO UN GIOVANE DELINQUENTE, INNAMORATOSI DI LEI, NON LE FARA' TRAGICAMENTE INCONTRARE. LEONE D'ORO ALLA MOSTRA DEL CINEMA DI VENEZIA 1967. CONTENUTI EXTRA: PILLOLE DI CINEMA; BIOGRAFIA DEL REGISTA; FILMOGRAFIA DEL REGISTA; BIOGRAFIA DEGLI INTERPRETI; NIVITA'." |
| 538 ## - SYSTEM DETAILS NOTE | |
| System details note | PAL, STEREO |
| 546 ## - LANGUAGE NOTE | |
| Language note | ITALIANO |
| 650 ## - SUBJECT ADDED ENTRY--TOPICAL TERM | |
| Topical term or geographic name as entry element | DRAMMATICO |
| Relator term | DVD-FILM [DVD] |
| General subdivision | Codice MATERIA SPICS: 9947 |
| 9 (RLIN) | 43923 |
| 700 ## - ADDED ENTRY--PERSONAL NAME | |
| Personal name | Bunuel Luis |
| Relator term | (regista) |
| Miscellaneous information | Codice regista SPICS: 8694 |
| 9 (RLIN) | 36748 |
| 700 ## - ADDED ENTRY--PERSONAL NAME | |
| Personal name | Kessel Joseph |
| Relator term | (soggetto) |
| Miscellaneous information | Codice Soggetto SPICS: 58529 |
| 9 (RLIN) | 43924 |
| 700 ## - ADDED ENTRY--PERSONAL NAME | |
| Personal name | Longuet Rene |
| Relator term | (musica) |
| Miscellaneous information | Codice Musica SPICS: 58530 |
| 9 (RLIN) | 43925 |
| 942 ## - ADDED ENTRY ELEMENTS (KOHA) | |
| Koha item type | DVD |
| Source of classification or shelving scheme | Dewey Decimal Classification |
| Withdrawn status | Lost status | Damaged status | Not for loan | Home library | Current library | Date acquired | Total Checkouts | Full call number | Date last seen | Price effective from | Koha item type | Public note |
|---|---|---|---|---|---|---|---|---|---|---|---|---|
| Buone Condizioni | Not For Loan | SPICS-MEDIATECA | SPICS-MEDIATECA | 31/01/2015 | H6422 | 31/01/2015 | 31/01/2015 | DVD | Progr. Ins.: 3439 / N.Vol.:1 / Copie: 1 / Pag.:0 / Copia rara: n.d. / date import: 1.2.2015 / By Epidotti, Trombetti, Vaglietti |